000 00506nam a2200181Ia 4500
005 20250326124408.0
008 250326s9999 xx 000 0 und d
037 _aTextbook
040 _aFMSL
_beng
_cFMSL
041 _aeng
_2eng
084 _aX:75.673 K7
_qFMSL
100 _aDuwaji G
_9737328
245 0 _aEconomic development in tunisia
_cDuwaji G
260 _aLondon
_bLondon, Frederick A Praeger
_c1967
300 _a222p
942 _cTB
_hX:75.673 K7
999 _c1273549
_d1273549